Ortadoğu'dan ittihad-ı İslâm'a / (Record no. 13697)
[ view plain ]
| 000 -BAŞLIK | |
|---|---|
| Sabit Uzunlukta Kontrol Alanı | 00580nam a2200205 4500 |
| 999 ## - SİSTEM KONTROL NUMARALARI (KOHA) | |
| Koha Biblionumber | 13697 |
| Koha Biblioitemnumber | 13697 |
| 003 - KONTROL NUMARASI IDENTIFIER | |
| Denetim Alanı | MIRAKIL |
| 005 - SON İŞLEM TARİHİ VE ZAMANI | |
| Denetim Alanı | 20211214000617.0 |
| 008 - SABİT-BOY VERİ ELEMANLARI - GENEL BİLGİLER | |
| Sabit Uzunlukta Kontrol Alanı | 200110b tu ||||| |||| 00| 0 tur d |
| 020 ## - ULUSLARARASI STANDART KİTAP NUMARASI | |
| Uluslararası Standart Kitap Numarası | 9789751035028 |
| 040 ## - KATALOGLAMA KAYNAK | |
| Orijinal Kataloglama Ajansı | TR-AnCHP |
| Metne Dönüştürmek Ajansı | TR-AnCHP |
| 041 ## - DİL KODU | |
| Metin / Ses Parça Veya Ayrı Başlığın Dil Kodu | tur |
| 082 ## - DEWEY ONLU SINIFLANDIRMA NUMARASI | |
| Sınıflandırma Numarası | 320.956 |
| Ürün Numarası | B84o 2014 |
| 100 1# - ANA GİRİŞ - KİŞİSEL İSİM | |
| Kişisel Ad | Bulaç, Ali |
| 245 10 - BAŞLIK TABLOSU | |
| Başlık | Ortadoğu'dan ittihad-ı İslâm'a / |
| Sorumluluk Tablosu, Vb | Ali Bulaç. |
| 260 ## - YAYIN, DAĞITIM, VB | |
| Yayın, Dağıtım, Vb Yeri | İstanbul : |
| Yayıncı, Dağıtıcı, Vs Adı | İnkılap, |
| Yayın, Dağıtım, Vb Tarihi | 2014. |
| 300 ## - FİZİKSEL TANIM | |
| Kapsam | c<1> 800 s.: |
| Boyutlar | 21 sm. |
| 650 #0 - KONU KATMA GİRİŞ - TOPİKAL DÖNEM | |
| Topikal Süreli Veya Coğrafi Ad Giriş Elemanı | Siyaset ve yönetim |
| Genel Alt Bölümü | Türkiye |
| 9 (RLIN) | 9 |
| 650 #0 - KONU KATMA GİRİŞ - TOPİKAL DÖNEM | |
| 9 (RLIN) | 5876 |
| Topikal Süreli Veya Coğrafi Ad Giriş Elemanı | Siyaset ve din |
| Genel Alt Bölümü | Ortadoğu |
| 942 ## - EKLENDİ GİRİŞ ELEMANLARI (KOHA) | |
| Sınıflandırma Veya Raf Düzeni Kaynak | Dewey Decimal Classification |
| Koha Öğesi Türü | Books |
| Kalıcı Konum | Mevcut Konum | Edinme Tarihi | Toplam Check-Out'Lar | Tam Çağrı Numarası | Barkod | Tarih Son Görülme | Kopya Sayısı | İtibaren Geçerli Fiyatlar | Koha Öğesi Türü |
|---|---|---|---|---|---|---|---|---|---|
| CHP Kütüphanesi | CHP Kütüphanesi | 01/10/2020 | 320.956 B84o 2014 | 013477 | 01/10/2020 | c.1 | 01/10/2020 | Books |
